Statistics for Countries with shortest coastline

Click here to take the quiz!

General Stats

  • This quiz has been taken 1,202 times
  • The average score is 11 of 20

Answer Stats

Hint Answer % Correct
4 kmMonaco
87%
20 kmBosnia and Herzegovina
71%
80 kmGambia
66%
30 kmNauru
61%
47 kmSlovenia
60%
56 kmTogo
58%
121 kmBenin
56%
158 kmSaint Lucia
53%
135 kmSaint Kitts and Nevis
53%
24 kmTuvalu
51%
121 kmGrenada
50%
84 kmSaint Vincent and the Grenadines
50%
97 kmBarbados
48%
67 kmBelgium
48%
37 kmDemocratic Republic of the Congo
47%
153 kmAntigua and Barbuda
46%
26 kmJordan
45%
148 kmDominica
44%
90 kmLithuania
41%
58 kmIraq
41%

Score Distribution

Percentile by Number Answered

Percent of People with Each Score

Your Score History

You have not taken this quiz